| 000 | 00489nam a22001817a 4500 | ||
|---|---|---|---|
| 003 | CEME | ||
| 005 | 20210628202844.0 | ||
| 008 | 210126b xxu||||| |||| 00| 0 eng d | ||
| 020 | _a81-297-0293-2 | ||
| 040 | _c. | ||
| 082 | _a005.82 THO | ||
| 100 |
_aThorsteinson, Peter Ganesh, G. Gnana Arun _961983 |
||
| 245 | _aNet security and cryptography | ||
| 260 |
_aINDIA _bPEARSON EDUCATION _c2004 |
||
| 300 | _aXVI,466 P | ||
| 650 |
_aNET SECURITY .CRYPTOGRAPHY _961984 |
||
| 942 |
_cBK _2ddc |
||
| 999 |
_c571241 _d571241 |
||